[Event "AUS-ch op U18"]
[Site "Mount Buller"]
[Date "2005.01.18"]
[Round "9"]
[White "Van Heerden, Daniel"]
[Black "Parravicini, Matthew"]
[Result "1/2-1/2"]
[WhiteElo "1631"]
[BlackElo "1469"]
[PlyCount "58"]
[EventDate "2005.01.11"]
[EventType "swiss"]
[EventRounds "11"]
[EventCountry "AUS"]
[SourceTitle "EXT 2009"]
[Source "ChessBase"]
[SourceDate "2008.11.26"]
[SourceVersion "1"]
[SourceVersionDate "2008.11.26"]
[SourceQuality "1"]

1. d4 d5 2. c4 Bf5 3. Nc3 e6 4. Qb3 b6 5. cxd5 exd5 6. Qxd5 Qxd5 7. Nxd5 Bd6 8. Bf4 Bxf4 9. Nxf4 Ne7 10. Rc1 c6 11. e3 0-0 12. Be2 Nd7 13. Bf3 Rac8 14. e4 Bg6 15. Nxg6 Nxg6 16. Bg4 Rfd8 17. Ne2 c5 18. Bxd7 Rxd7 19. 0-0 Re8 20. dxc5 bxc5 21. Rxc5 Rxe4 22. Rc8+ Nf8 23. Rc2 g6 24. f3 Re3 25. Kf2 Red3 26. Rfc1 Ne6 27. Ke1 Kg7 28. Rc3 Rd2 29. R3c2 R2d3 1/2-1/2

[Event "AUS-ch op U18"]
[Site "Mount Buller"]
[Date "2005.01.15"]
[Round "6"]
[White "Parravicini, Matthew"]
[Black "Huang, Justin"]
[Result "0-1"]
[WhiteElo "1469"]
[BlackElo "1747"]
[PlyCount "99"]
[EventDate "2005.01.11"]
[EventType "swiss"]
[EventRounds "11"]
[EventCountry "AUS"]
[SourceTitle "EXT 2009"]
[Source "ChessBase"]
[SourceDate "2008.11.26"]
[SourceVersion "1"]
[SourceVersionDate "2008.11.26"]
[SourceQuality "1"]

1. e4 c6 2. Nf3 d5 3. exd5 cxd5 4. Bb5+ Bd7 5. Bxd7+ Qxd7 6. d4 Nc6 7. c3 Nf6 8. 0-0 e6 9. Bf4 Bd6 10. Bxd6 Qxd6 11. Re1 0-0 12. h3 Rac8 13. Nbd2 b5 14. a3 a5 15. Nb3 b4 16. axb4 axb4 17. Qd3 bxc3 18. bxc3 Ra8 19. Nc5 Nd7 20. Nxd7 Qxd7 21. Rxa8 Rxa8 22. Ne5 Nxe5 23. Rxe5 Qc7 24. Re1 Ra3 25. Rc1 h6 26. Qc2 Qc4 27. g3 Ra2 28. Qd1 Rb2 29. Qf1 Qa2 30. Kg2 Qb3 31. Qd3 Qa3 32. Qe3 Qa2 33. Kf3 Rd2 34. Kg2 Qb2 35. Rb1 Rxf2+ 36. Qxf2 Qxb1 37. Qe3 Qc2+ 38. Kf3 Qf5+ 39. Kg2 Kf8 40. g4 Qc2+ 41. Kg3 Ke7 42. g5 Qg6 43. h4 hxg5 44. Qxg5+ Qxg5+ 45. hxg5 f6 46. gxf6+ Kxf6 47. Kf4 g5+ 48. Kg4 Kg6 49. Kg3 Kf5 50. Kf3 0-1